| 000 | 00367nam a2200121Ia 4500 | ||
|---|---|---|---|
| 008 | 170224s9999 xx 000 0 und d | ||
| 245 | _aNurse practitioner and physician assistant staffing in the patient-centered medical homes in New York State | ||
| 260 | _bNursing Outlook | ||
| 260 | _c2015 | ||
| 300 | _a63:5 | ||
| 500 | _aSeptember/October | ||
| 650 | _xNursing. | ||
| 999 |
_c317058 _d317058 |
||